UBT Library

The surface of the earth (Record no. 39868)

000 -LEADER
fixed length control field 00509cam a22002051 4500
001 - CONTROL NUMBER
control field 4538820
005 - DATE AND TIME OF LATEST TRANSACTION
control field 20180109041939.0
008 - FIXED-LENGTH DATA ELEMENTS--GENERAL INFORMATION
fixed length control field 700820s1969 njuab b 000 0 eng
010 ## - LIBRARY OF CONGRESS CONTROL NUMBER
LC control number 68010422
040 ## - CATALOGING SOURCE
Original cataloging agency DLC
Transcribing agency DLC
Modifying agency DLC
041 ## - LANGUAGE CODE
Language code of text/sound track or separate title eng
080 ## - UNIVERSAL DECIMAL CLASSIFICATION NUMBER
Universal Decimal Classification number 551.4
082 00 - DEWEY DECIMAL CLASSIFICATION NUMBER
Classification number 551.4 BLO
100 1# - Rafti
Rafti 9
101 ## - Shkurtesa
Shkurtesa BLO
245 14 - TITLE STATEMENT
Title The surface of the earth
Statement of responsibility, etc [by] Arthur L. Bloom.
504 ## - BIBLIOGRAPHY, ETC. NOTE
Bibliography, etc Bibliography: p. 146-147.
906 ## - LOCAL DATA ELEMENT F, LDF (RLIN)
a 7
b cbc
c orignew
d u
e ncip
f 19
g y-gencatlg
942 ## - ADDED ENTRY ELEMENTS (KOHA)
Source of classification or shelving scheme
Item type Books
Holdings
Withdrawn status Lost status Source of classification or shelving scheme Damaged status Not for loan Collection code Permanent location Current location Shelving location Date acquired Total Checkouts Full call number Barcode Date last seen Price effective from Koha item type
          Koleksioni i përgjithshem UBT - Lipjan UBT - Lipjan Koleksioni i përgjithshem 01/09/2018   551.4 BLO 002-2995237 01/09/2018 01/09/2018 Books
UBT Library © 2015-2024. All rights reserved University Education for Business and Technology